Quizzes
Events
Quiz Creation
Community
Videos
Private Events
Remove Ads
Sign In
Join for FREE
Feedback
Dark Mode
Quiz Categories
Sports
Geography
Music
Movies
Television
Just For Fun
Miscellaneous
History
Literature
Language
Science
Gaming
Entertainment
Religion
Holiday
For Kids
Quiz Lab
Recent
Popular Today
Quiz Kudos Today
Editor Picks
Curator Picks
Quizzes by...
Day
Popularity
Type
Ratings
Length
Year
Community
Subscriptions
Recent Discussions
Orange Saloon
Badges
Playlists
Quests
Create
Leaderboards
Showdown
Live 5
Trivia Bingo
Activity
Puzzle Library
Sporcle Events
Private Events
Virtual Trivia
Globe League
Become a Host
Pub Owners
SporcleCon
Opinionation
Our Games
Videos
Blog
Mobile Apps
Partnerships
Remove Ads and Go Orange
Feedback
Literature
Harry Potter
A Song of Ice and Fire
The Hunger Games
Literary Character
Shakespeare
Book
Author
Novel
Poem
Young Adult
Children's Books
Play
Lord of the Rings
Literature
Harry Potter
A Song of Ice and Fire
The Hunger Games
Literary Character
Shakespeare
Book
Author
Novel
Poem
Young Adult
Children's Books
Play
Lord of the Rings
Random Quiz
Search Sporcle
×
Quiz Lab
Quiz Lab
Literature
plot
Type in answers that appear in a list
Type in answers that appear in a list
Classic
Best Score? Go Orange.
Native Son Characters Stats
Can you name the Native Son Characters?
By
Cycofactory
5m
18 Questions
73 Plays
73 Plays
73 Plays
Comments
Comments
Give Quiz Kudos
Give Quiz Kudos
-
- Ratings
hide this ad
Forced Order
Answers have to be entered in order
Answers have to be entered in order
Replay
Link that replays current quiz
Next Quiz
Link to next quiz in quiz playlist
You Got
0%
They Got
Avg Score
73%
Avg Friend Score
Upgrade to see
Score Distribution
Jump to the score distribution portion of the page
Score
0/18
Timer
05:00
0
Plays Today
Plot Significance
Name
% Correct
Communist/
scapegoat
Jan Erlone
95.9%
Protagonist (debatable)
Bigger
94.5%
Kind, blind lady
Mrs. Dalton
94.5%
Rich real estate broker
Mr. Dalton
93.2%
Murdered
Bessie Mears
89%
Murdered
Mary Dalton
87.7%
Lawyer for the defense
Boris A. Max
82.2%
Fights the protagonist
Gus
75.3%
Adoring younger sibling
Buddy Thomas
72.6%
Plot Significance
Name
% Correct
Friend of the protagonist
Jack
69.9%
White store owner
Mr. Blum
67.1%
Friend of the protagonist
G.H.
64.4%
Racist PI
Mr. Britten
63%
Devoutly religious woman
Mrs. Thomas
61.6%
Friendly cook
Peggy
60.3%
Pool hall owner
Doc
57.5%
Lawyer for the plaintiff
Buckley
53.4%
'Articulate' priest
Reverend Hammond
46.6%
Quiz Playlist
Details
Report
Send in Message
Add To Playlist
Classic:
Type in answers that appear in a list
Forced Order:
Answers have to be entered in order
Last Updated: Feb 16, 2017
Quiz Scoreboard
CHALLENGE
Sign Up to Join the Scoreboard
Show All
Scores
Hide
Comments
May contain spoilers
Recently Published
Alphabetical 'K' Countries by Flag Minefield
by ylime102
Geography
3m
Pick 6: Fruits
by JohnFran
Miscellaneous
15s
Click the 1999 NBA Draft
by nibperrychub
Sports
2m
More to Explore
Quiz From the Vault
Featured Blog Post
15 Basketball Trivia Facts You Can Be March Mad About
hide this ad
You Might Also Like...
Tags
Character
Native
plot
significance
son
Today's Top Quizzes in Literature
Browse Literature
hide this ad
Today's Top Quizzes in plot
Browse plot
Top Contributed Quizzes in Literature
1
Season Plays
2
Pick 3: Harry Potter Hogwarts Quidditch Players
3
4-to-1 Blitz: Harry Potter
4
percy jackson logic puzzle
5
Dumbledore's Army Logic Puzzle
6
Harry Potter Logic Quiz New
7
Jane Eyre Character Quotes
8
Harry Potter: Partnered Harry Trio Venn Diagram
9
Word Ladder: King's 'The Stand'
10
Literature Acrostic Puzzle
Explore More
Trending Topics
NBA
Crossword
Disney
Anime
Kpop
Harry Potter
Marvel
Soccer
Puzzle
Country
NFL
Song
WWE
Pokémon
The Office
hide this ad
More By:
Cycofactory
Quiz
Plays
Rating
Category
Featured
Created
Yu Yu Hakusho Characters
1,740
4.00
Television
Oct 18, 2009
Morphemes
180
4.00
Language
Dec 6, 2009
Native Son Characters
73
Literature
Dec 4, 2009
Go to Creator's Profile
Score Distribution
Quiz Creator Spotlight
Cycofactory
Follow
Send a Message
Quizzes Created
-
Created Quiz Play Count
-
More By This Creator
Popular Quizzes Today
1
Find the US States - No Outlines Minefield
2
Countries of Asia Without Outlines Minefield
3
Pick 6: Fruits
4
Alphabetical 'K' Countries by Flag Minefield
5
The Countries of the World
6
Find the US States
7
Match the Book to the Film X
8
Click the 1999 NBA Draft
More Literature Quizzes
Missing Word: 100 Literature Terms in Movie Titles
Quiz Lab
Trending Quizzes
Pick 6: Mountains
Pick 6: Harry Potter
Pick 6: NFL Teams
Pick 6: Movie Franchises
Pick 6: Golfers
Recently Updated
NWSL Teams
pecheneg
Women's Final Four Teams by Year
bhenderson79
Presidents Quartet II
eogle
Anything But Clue(do)
eogle
Anything But Oceanian Capitals
eogle
Anything But 7
eogle
Anything But Thing
eogle
Word Ladder: February 29
pecheneg
Song Title Questions
pecheneg
Women's NCAA Tournament #1 Seeds
pecheneg
Trending Topics
Anime
NBA
Crossword
Kpop
Marvel
Harry Potter
Disney
Soccer
The Office
NFL
Pokémon
Country
Song
WWE
Puzzle
Your Account Isn't Verified!
In order to create a playlist on Sporcle, you need to verify the email address you used during registration. Go to your
Sporcle Settings
to finish the process.
Report this User
Report this user for behavior that violates our
Community Guidelines
.
Details:
Send Report
Go to the Sporcle.com Mobile Site →
Comments